Hololive Member Surname Quiz - Statistics

General Stats
  • This quiz has been taken 388 times
    254 since last reset
  • The average score is 53 of 74
Answer Stats
Last Name First Name % Correct
Sakura Miko
92%
Hoshimachi Suisei
90%
Tokino Sora
90%
Mori Calliope
88%
Akai Haato
86%
Gura Gawr
86%
Koseki Bijou
84%
Shirakami Fubuki
84%
Houshou Marine
83%
Amelia Watson
82%
Fauna Ceres
82%
Minato Aqua
82%
Usada Pekora
82%
Baelz Hakos
81%
Darknesss La+
81%
Takanashi Kiara
81%
Kronii Ouro
80%
Inugami Korone
79%
Nanashi Mumei
79%
Nekomata Okayu
79%
Ninomae Ina'nis
79%
Murin Gigi
78%
Ollie Kureiji
77%
Oozora Subaru
77%
Ookami Mio
76%
Sakamata Chloe
76%
Yozora Mel
76%
Kanaeru Kobo
75%
Nakiri Ayame
75%
Novella Shiori
75%
Risu Ayunda
75%
Rosenthal Aki
75%
Zeta Vestia
75%
Kiryu Coco
74%
Ravencroft Nerissa
74%
Shirogane Noel
74%
Abyssgard Fuwawa
73%
Abyssgard Mococo
73%
Takane Lui
73%
Bloodflame Elizabeth Rose
72%
Murasaki Shion
72%
Reine Pavolia
72%
Hoshinova Moona
71%
Iofifteen Airani
71%
Panthera Raora
71%
Shishiro Botan
71%
Immergreen Cecilia
70%
Natsuiro Matsuri
69%
Shiranui Flare
69%
Uruha Rushia
69%
Amane Kanata
68%
Tokoyami Towa
68%
Melfissa Anya
67%
Himemori Luna
65%
Omaru Polka
65%
Tsunomaki Watame
65%
Kazama Iroha
64%
Mano Aloe
64%
Yuzuki Choco
64%
Kovalskia Kaela
63%
Momosuzu Nene
63%
Todoroki Hajime
63%
Yukihana Lamy
60%
Hakui Koyori
58%
Otonose Kanade
58%
Tsukumo Sana
58%
Ichijou Ririka
55%
Juufuutei Raden
53%
Kikirara Vivi
52%
Hiodoshi Ao
50%
Mizumiya Su
48%
Rindo Chihaya
47%
Koganei Niko
44%
Isaki Riona
42%
No matching quizzes found
Score Distribution
Percent of People with Each Score
Percentile by Number Answered
Your Score History
You have not taken this quiz since the last reset